Psychopathology - Statistics

General Stats
  • This quiz has been taken 7 times
  • The average score is 4 of 21
Answer Stats
Hint Answer % Correct
Nestadt et al study- people with first degree relative were... times more likely to develop OCD 5
71%
DZ twins (%) 31
43%
Nestadt concordance rate with MZ twins (%) 68
43%
Taylor found that up to... genes may be involved in OCD 230
29%
What % of people don't respond to SSRIs 30
29%
High levels of what neurotransmitter lead to overactivity in basal ganglia dopamine
29%
Who came up with the DIMH criteria Jahoda
29%
% effectiveness of SD 70-80
14%
What part of the basal ganglia if damaged causes worry circuit caudate nucleus
14%
Lowered activity of what gene causes increased dopamine activity? COMT
14%
An example of SSRI prozac
14%
Who for FFA criteria (two people) Rosenhan and Seligman
14%
What gene mutation affects transport of serotonin, causing lower levels SERT
14%
antidepressant that works on serotonin and noradrenaline tricyclics
14%
Who found that CBT was as effective as drugs after 16 weeks and better at preventing relapse (et al TDCRP) Elkin
0%
anti-anxiety drugs slow down the activity of the CNS by enhancing the activity of... which has quietening effect on neurons in brain GABA
0%
Who did a study of 42 patients vs control group after 3 and 33 months showing effectiveness of SD? (et al) Gilroy
0%
Who did a study finding that women high in cognitive vunerability were more likely to have post natal depression (two people) Grazioli and Terry
0%
Who said that SD was less effective for phobias with evolutionary survival component (et al) Ohman
0%
Who did study on unrelated families with mutations of SERT gene and found 6/7 family members had OCD? (et al) Ozaki
0%
Who did meta analysis of 17 SSRI studies showing effectiveness after 3 months Soomro et al
0%
No matching quizzes found
Score Distribution
Percent of People with Each Score
Percentile by Number Answered
Your Score History
You have not taken this quiz